Les personnages de théâtre par leurs répliques n°1 - Statistiques

Statistiques générales
  • Ce quiz a été pris 222 fois
  • Le résultat moyen est 3 sur 10
Statistiques - réponses
Répliques Personnages % Correct
Au voleur ! au voleur ! à l’assassin ! au meurtrier ! Justice, juste Ciel ! je suis perdu, je suis assassiné, on m’a coupé la gorge, on m’a dérobé mon argent... Harpagon
65%
Je le vis, je rougis, je pâlis à sa vue ; Un trouble s'éleva dans mon âme éperdue ; Mes yeux ne voyaient plus, je ne pouvais parler ; Je sentis tout mon corps et transir et brûler.... Phèdre
63%
Un baiser, mais à tout prendre, qu’est-ce ? Un serment fait d’un peu plus près, une promesse plus précise, un aveu qui veut se confirmer, Un point rose qu’on met sur l’i du verbe aimer ;... Cyrano de Bergerac
55%
Couvrez ce sein, que je ne saurais voir. Par de pareils objets les âmes sont blessées, Et cela fait venir de coupables pensées... Tartuffe
54%
Père, maîtresse, honneur, amour, Noble et dure contrainte, aimable tyrannie, Tous mes plaisirs sont morts, ou ma gloire ternie. L’un me rend malheureux, l’autre indigne du jour... Don Rodrigue
39%
Fragilité, ton nom est femme !... Hamlet
24%
Ma vengeance est perdue S'il ignore en mourant que c'est moi qui le tue... Hermione
13%
Beaucoup d'hommes naissent aveugles et ils ne s'en aperçoivent que le jour où une bonne vérité leur crève les yeux... Anubis
1%
J’aime mieux tuer un lapin que de chanter dans le jardin... M. Martin
1%
Au joug depuis longtemps ils se font façonnés. Ils adorent la main qui les tient enchaînés... Narcisse
1%
Aucun quiz correspondant
Distribution des résultats
% des personnes avec chaque résultat
Percentile par nombre de réponses
Votre historique - résultats
Vous n’avez pas pris ce quiz